| 000 | 00709na a2200253 4500 | ||
|---|---|---|---|
| 001 | 18201 | ||
| 003 | MIRAKIL | ||
| 005 | 20181213154859.0 | ||
| 008 | 161124b tu 000 0 | ||
| 020 | _a9786053327769 | ||
| 035 | _a18201 | ||
| 040 |
_aMilas _btur _cTR-AnCHP |
||
| 041 | _atur | ||
| 082 |
_a102 _bC63y 2013 |
||
| 090 | _a102 C63y 2013 | ||
| 100 | _aCohen, Martin | ||
| 245 |
_a101 felsefe problemi _cMartin Cohen. Ed.Devrim Çetinkasap. Çev.Elçin Gen |
||
| 260 |
_aİstanbul _bTürkiye İş Bankası Kültür Yayınları _c2016 |
||
| 300 |
_a345 s. _bçzm.,şkl. _c20 sm. |
||
| 650 |
_aFelsefe _xSorunlar |
||
| 700 | _aGen, Elçin | ||
| 700 | _aÇetinkasap, Devrim | ||
| 942 |
_2ddc _cBKS |
||
| 999 |
_c2493 _d2493 |
||